<?xml version="1.0" encoding="UTF-8"?><?xml-stylesheet type="text/xsl" href="static/style.xsl"?><OAI-PMH xmlns="http://www.openarchives.org/OAI/2.0/" xmlns:xsi="http://www.w3.org/2001/XMLSchema-instance" xsi:schemaLocation="http://www.openarchives.org/OAI/2.0/ http://www.openarchives.org/OAI/2.0/OAI-PMH.xsd"><responseDate>2026-06-01T17:15:54Z</responseDate><request verb="GetRecord" identifier="oai:riuma.uma.es:10630/32168" metadataPrefix="marc">https://riuma.uma.es/rest/oai/request</request><GetRecord><record><header><identifier>oai:riuma.uma.es:10630/32168</identifier><datestamp>2026-02-03T11:11:52Z</datestamp><setSpec>com_10630_2254</setSpec><setSpec>col_10630_37953</setSpec></header><metadata><record xmlns="http://www.loc.gov/MARC21/slim" xmlns:dcterms="http://purl.org/dc/terms/" xmlns:doc="http://www.lyncode.com/xoai" xmlns:xsi="http://www.w3.org/2001/XMLSchema-instance" xsi:schemaLocation="http://www.loc.gov/MARC21/slim http://www.loc.gov/standards/marcxml/schema/MARC21slim.xsd">
   <leader>00925njm 22002777a 4500</leader>
   <datafield ind2=" " ind1=" " tag="042">
      <subfield code="a">dc</subfield>
   </datafield>
   <datafield ind2=" " ind1=" " tag="720">
      <subfield code="a">Ferragut-Ortiz-Tallo, Marta</subfield>
      <subfield code="e">author</subfield>
   </datafield>
   <datafield ind2=" " ind1=" " tag="720">
      <subfield code="a">Fierro, Alfredo</subfield>
      <subfield code="e">author</subfield>
   </datafield>
   <datafield ind2=" " ind1=" " tag="260">
      <subfield code="c">2012</subfield>
   </datafield>
   <datafield ind2=" " ind1=" " tag="520">
      <subfield code="a">El objetivo principal de este estudio es el análisis de la relación entre la inteligencia emocional y el bienestar personal y su posible predicción del rendimiento académico. Los participantes fueron 166 estudiantes de último ciclo de primaria de entre 9 y 12 años. Para evaluar la inteligencia emocional, se empleó el Trait Meta-Mood Scale (TMMS-24) de Salovey y colaboradores (1995), para el bienestar&#xd;
personal se ha aplicado la Escala Eudemon y el Ítem General de Felicidad (Fierro, 2006) y para el rendimiento académico se registraron distintas variables, donde la principal fue la nota media. Los resultados mostraron la existencia de correlaciones significativas entre bienestar e inteligencia emocional, así como entre rendimiento académico y bienestar, no así entre inteligencia emocional&#xd;
y rendimiento académico. Además, el análisis de regresión múltiple muestra una recta de regresión donde el único predictor para nota media es el bienestar. Estos resultados indican relación entre bienestar e inteligencia emocional y la importancia de estos constructos psicológicos para el logro académico.</subfield>
   </datafield>
   <datafield ind1="8" ind2=" " tag="024">
      <subfield code="a">Ferragut, M., &amp; Fierro, A. (2012). Inteligencia emocional, bienestar personal y rendimiento académico en preadolescentes. Revista Latinoamericana de Psicología, 44(3), 95-104. http://www.scielo.org.co/scielo.php?script=sci_arttext&amp;pid=S0120-05342012000300008&amp;lng=en&amp;tlng=es.</subfield>
   </datafield>
   <datafield ind1="8" ind2=" " tag="024">
      <subfield code="a">0120-0534</subfield>
   </datafield>
   <datafield ind1="8" ind2=" " tag="024">
      <subfield code="a">https://hdl.handle.net/10630/32168</subfield>
   </datafield>
   <datafield tag="653" ind2=" " ind1=" ">
      <subfield code="a">Adolescentes - Psicología</subfield>
   </datafield>
   <datafield ind2="0" ind1="0" tag="245">
      <subfield code="a">Inteligencia emocional, bienestar personal y rendimiento académico en preadolescentes</subfield>
   </datafield>
</record>
</metadata></record></GetRecord></OAI-PMH>